Normal view
MARC view
- Customs Administration
Entry Topical Term
001 - CONTROL NUMBER
- control field: 4538
003 - CONTROL NUMBER IDENTIFIER
- control field: OSt
005 - DATE AND TIME OF LATEST TRANSACTION
- control field: 20170515144245.0
008 - FIXED-LENGTH DATA ELEMENTS
- fixed length control field: 170515|| aca||aabn | a|a d
040 ## - CATALOGING SOURCE
- Original cataloging agency: OSt
- Transcribing agency: OSt
150 ## - HEADING--TOPICAL TERM
- Topical term or geographic name entry element: Customs Administration
- General subdivision: Law and legislation
- Geographic subdivision: Malaysia
670 ## - SOURCE DATA FOUND
- Source citation: Work cat.: (OSt): Malaysia Jabatan Kastam Diraja Malaysia 1301, Akta Kastam 1967: Perintah Duti Kastam 2012 [P.U.(A) 275/2012]., 2012.

PORTAL AKMAL
E-MEL JKDM
AKMAL2U
G-BAM
u-PUSTAKA